Mật mã Da Vinci = The Da Vinci code : Tiểu thuyết

Guardado en:
Detalles Bibliográficos
Autor principal: Brown, Dan
Formato: Libro
Lenguaje:Undetermined
Publicado: Hà Nội Văn Hóa Thông tin 2006
Materias:
Etiquetas: Agregar Etiqueta
Sin Etiquetas, Sea el primero en etiquetar este registro!
Thư viện lưu trữ: Trung tâm Học liệu Trường Đại học Cần Thơ
LEADER 00640nam a2200217Ia 4500
001 CTU_123472
008 210402s9999 xx 000 0 und d
020 |c 90000 
082 |a 813.54 
082 |b B877 
100 |a Brown, Dan 
245 0 |a Mật mã Da Vinci = 
245 4 |b The Da Vinci code : Tiểu thuyết 
245 0 |c Dan Brown ; Đỗ Thu Hà dịch 
260 |a Hà Nội 
260 |b Văn Hóa Thông tin 
260 |c 2006 
650 |a Art museum curators,Secret societies,Cryptographers 
650 |x Crimes against 
904 |i Nguyên 
980 |a Trung tâm Học liệu Trường Đại học Cần Thơ